000 00331nam a22001217a 4500
008 230602b xxu||||| |||| 00| 0 eng d
020 _a9966769757
082 _a923.26762
_bNYA
100 _cSimeon Nyachae
_d2010
245 _aWalking Through the Corridors of Service
_bAn Autobiography
300 _axiv:152
_ePictorial
942 _2ddc
_cBK
999 _c80
_d80